00325nam a22001217a 4500003000500000020002100005038001100026082001600037100001900053245007400072260004400146300001300190NUST a9879777972qH/B. awaseem a709.82bMAG aMagrini, Cesar aEi Arte Argentino:bAgentine Art & its Personalities /cCesar Magrini aBuenos Aires :bInstitucionales,c2005. a340 p. ;